Ninguém é igual a ninguém! (Registo nº 6131)

Detalhes MARC
000 -Etiqueta do registo
Valores 01518nam a2200241 4500
010 ## - Número ISBN
ISBN 9789898681164
021 ## - Número do Depósito Legal
Número 448214/18
100 ## - Dados gerais de processamento
Dados gerais 20260226d2018 de|y0pory50030103ba
200 1# - Titulo e menção de responsabilidade
Título próprio Ninguém é igual a ninguém!
Primeira menção de responsabilidade Susana Amorim
Outras menções de responsabilidade il. Raquel Pinheiro
210 #9 - Publicação
Local de publicação Cascais
Nome do editor CERCICA - Cooperativa para a Educação e Reabilitação de Cidadãos Inadaptados de Cascais
Data de publicação 2018
215 ## - Descrição física 
Paginação / Volumes 47, [3] p.
Outras indicações físicas il.
225 2# - Colecção 
Título próprio da colecção Todos a ler
Indicação de volume 5
330 ## - Sumário ou Resumo
Texto da nota Na turma do Rui todos são diferentes. Há quem aprenda mais devagar, quem corra muito rápido, uns são mais tímidos e outros bastante faladores… A verdade é que cada um deles é único, e todos têm algo especial! Descobre-os nesta história e pensa tu também:<br/>Em que és especial?<br/>Para te ajudar na descoberta de ti próprio e dos outros, explora o DVD que acompanha este livro. De uma forma divertida, vais aprender um pouco mais sobre características físicas e psicológicas, que é como quem diz: como somos por fora e por dentro!<br/>A forma como és é o que te faz ser único e especial. Lembra-te que as tuas diferenças, não têm nada de mal!<br/>Gosta de ti como és, da cabeça até aos pés.<br/>Ninguém é igual a ninguém,<br/>E ainda bem!
606 ## - Nome comum usado como assunto
ID Autoridade 29
Palavra de ordem Publicação para crianças
675 ## - CDU
Notação 087.5
Edição BN
Língua por
675 ## - CDU
Notação 159.923(0.053.5)
Edição BN
Língua por
700 ## - Autor principal (pessoa individual)
ID Autoridade 5811
Apelido Amorim
Nome Susana
Datas 1976-
702 ## - Autor secundário (pessoa individual)
Apelido Pinheiro
Nome Raquel
Datas 1976-
ID Autoridade 5715
801 #0 - Fonte de origem
País PT
Agência BMVN
Regras de catalogação RPC
830 ## - Notas gerais do catalogador
Criado por Inês Silva
Data de criação 26-02-2026
990 ## - Elementos KOHA
Tipo de documento Livro
Exemplares
Situação do levantamento Biblioteca de origem Código de barras Cota Permissão de empréstimo Tipo de documento Forma de aquisição
  Biblioteca Escola Nº2 Vendas Novas 100000030457 PD MUN/NIN   Livro  

Powered by Koha